Normal view
MARC view
- Vasconcelos, José,
Entry Nombre Personal
001 - NUMERO DE CONTROL
- campo de control: 24998
003 - IDENTIFICADOR DE NUMERO DE CONTROL
- campo de control: UPN
005 - FECHA Y HORA DE LA ÜLTIMA TRANSACCIÓN
- campo de control: 20220601073622.0
008 - DATOS DE LONGITUD FIJA
- campo de control de longitud fija: nabaccnnaabn|||||||||| b |nc|||||d
035 ## - NUMERO DE CONTROL
- Número de control: UPN10000025007
040 ## - FUENTE DE CATALOGACIÓN
- Lenguaje de catalogación: SPA
- Agencia de transcripción: UPN
- Agencia original de catalogación: UPN
100 1# - ENCABEZAMIENTO - NOMBRE PERSONAL
- Nombre personal: Vasconcelos, José,
- Fechas asociadas con el nombre: 1881-1959 -
- Subdivisión de forma: Correspondencia, memorias, etc.
670 ## - FUENTE EN LA QUE SE LOCALIZARON DATOS
- Cita de la fuente: T/P
- Información localizada: Diccionario Porrúa de historia, biografía y geografía de México
902 ## - CATALOGADOR
- Catalogador: MEEG/270804
